Wszystkie drużyny Premier League w historii – nagła śmierć - Statystyki

Ogólne statystyki
  • Ten quiz został rozwiązany 1 997 razy
  • Średni wynik to 18 z 51
Answers on the Grid
Answers color-coded by a green-red scale on the quiz's grid according to % correct below.
Accrington Stanley
AFC Wimbledon
Arsenal
Aston Villa
Barnet
Barnsley
Barrow
Birmingham City
Blackburn Rovers
Blackpool
Bolton Wanderers
Bournemouth
Bradford City
Brentford
Brighton & Hove Albion
Bristol City
Bristol Rovers
Bromley
Burnley
Burton Albion
Cambridge United
Cardiff City
Charlton Athletic
Chelsea
Cheltenham Town
Chesterfield
Colchester United
Coventry City
Crawley Town
Crewe Alexandra
Crystal Palace
Derby County
Doncaster Rovers
Everton
Exeter City
FC Halifax Town
Fleetwood Town
Forest Green Rovers
Fulham
Gillingham
Grimsby Town
Harrogate Town
Hartlepool United
Huddersfield Town
Hull City
Ipswich Town
Leeds United
Leicester City
Leyton Orient
Lincoln City
Liverpool
Luton Town
Manchester City
Manchster United
Mansfield Town
Middlesbrough
Millwall
Milton Keynes Dons
Morecambe
Newcastle United
Newport Town
Northampton Town
Norwich City
Nottingham Forest
Notts County
Oldham Athletic
Oxford United
Peterborough United
Plymouth Argyle
Port Vale
Portsmouth
Preston North End
Queens Park Rangers
Reading
Rotherham United
Salford City
Sheffield United
Sheffield Wednesday
Shrewsbury Town
Southampton
Stevenage
Stockport County
Stoke City
Sunderland
Swansea City
Swindon Town
Tottenham Hotspur
Tranmere Rovers
Walsall
Watford
West Bromwich Albion
West Ham United
Wigan Athletic
Wimbledon
Wolverhampton Wanderers
Wrexham
Wycombe Wanderers
Yeovil Town
York City
 
Statystyki odpowiedzi
Odpowiedź % Poprawnych
Arsenal
87%
Aston Villa
82%
Bournemouth
66%
Birmingham City
65%
Blackburn Rovers
54%
Brentford
54%
Brighton & Hove Albion
50%
Chelsea
49%
Liverpool
46%
Manchester City
45%
Leeds United
44%
Everton
43%
Fulham
43%
Leicester City
43%
Manchster United
43%
Burnley
41%
Crystal Palace
41%
Hull City
39%
Blackpool
36%
Ipswich Town
36%
Bolton Wanderers
35%
Newcastle United
34%
Nottingham Forest
34%
Cardiff City
33%
Luton Town
33%
Middlesbrough
33%
West Ham United
33%
Southampton
32%
Tottenham Hotspur
32%
Derby County
31%
Norwich City
30%
Swansea City
30%
Sunderland
29%
Barnsley
28%
Stoke City
28%
Wolverhampton Wanderers
28%
Sheffield United
27%
Watford
27%
West Bromwich Albion
27%
Huddersfield Town
24%
Queens Park Rangers
23%
Wigan Athletic
21%
Coventry City
18%
Portsmouth
18%
Reading
18%
Bradford City
17%
Charlton Athletic
15%
Sheffield Wednesday
12%
Wimbledon
8%
Oldham Athletic
2%
Swindon Town
2%
Nie znaleziono quizów pasujących do podanych kryteriów
Rozkład punktacji
Procent ludzi z każdym wynikiem
Percentyl według liczby udzielonych odpowiedzi
Twoja historia wyników
Nie rozwiązałeś tego quizu